Alakša, Andrej účastník protifašistického odboja, učiteľ (17. 9. 1912 Krupina, okr. Zvolen - 17. 10. 1979 Bratislava)

Bibliographic Details
Format: Article
Language:Slovak
Subjects:

MARC

LEADER 00000naa a2200000uu 4500
001 vtls010870273
003 SK-MaSNL
005 20260302140944.0
008 220808|1986 xo |||||||||||||||||slo|
035 |a (urnnbn)urn:nbn:sk:snk:ar-008k8b 
035 |a (uuid)f3ad3d27-00db-4aa2-80a6-00952649ef99 
035 |a urn:nbn:sk:snk-aaum2y 
040 |a SNKBUCL  |b slo  |c SNKBUCL  |e AACR2 
041 0 |a slo 
044 |a xo  |c SK 
245 0 0 |a Alakša, Andrej  |b účastník protifašistického odboja, učiteľ (17. 9. 1912 Krupina, okr. Zvolen - 17. 10. 1979 Bratislava) 
600 1 7 |a Alakša, Andrej,  |d 1912-1979  |2 SNKMA  |9 235654 
655 7 |a biografické heslá  |2 SNKPH  |9 368942 
773 0 |t Slovenský biografický slovník : (od roku 833 do roku 1990). I. zväzok, A - D  |d Martin : Matica slovenská, 1986  |g S. 39 
954 |a odborná, vedecká literatúra pôvodná (slovenská)  |2 lita 
958 |a OND 
958 |a BX 
958 |a chapter 
958 |a article6 
999 |c 1333388  |d 1335318